[Event "VIE-ch U13"]
[Site "Ho Chi Minh City"]
[Date "2014.07.13"]
[Round "2"]
[White "Nguyen Hoang Viet, Hai"]
[Black "Lieu, Trieu Bao Thien"]
[Result "1-0"]
[WhiteElo "1796"]
[BlackElo "1762"]
[PlyCount "89"]
[EventDate "2014.07.13"]
[EventType "swiss"]
[EventRounds "9"]
[EventCountry "VIE"]
[SourceTitle "EXT 2016"]
[Source "ChessBase"]
[SourceDate "2015.10.08"]
[SourceVersion "1"]
[SourceVersionDate "2015.10.08"]
[SourceQuality "1"]

1. Nf3 Nf6 2. g3 g6 3. b3 d6 4. Bg2 Bg7 5. Bb2 e5 6. d4 e4 7. Nfd2 d5 8. Ba3 c6 9. e3 Be6 10. c4 Nbd7 11. Nc3 Rc8 12. cxd5 cxd5 13. Nb5 Bf8 14. Bxf8 Nxf8 15. Nxa7 Ra8 16. Nb5 h6 17. Qc1 Rc8 18. Qa3 Rc6 19. Rc1 Rxc1+ 20. Qxc1 N8d7 21. 0-0 0-0 22. Qc3 Nh7 23. Rc1 Ndf6 24. a4 Qd7 25. Qc7 Qxc7 26. Rxc7 b6 27. f3 Bf5 28. fxe4 dxe4 29. Nd6 Kg7 30. N2c4 Nd5 31. Rb7 Nhf6 32. h3 h5 33. Kf2 Nd7 34. Bxe4 Bxe4 35. Nxe4 N7f6 36. Ng5 Kg8 37. Nxb6 Nxb6 38. Rxb6 Nd5 39. Rb7 f6 40. Ne6 Rc8 41. Nc5 Re8 42. e4 Nc3 43. a5 Ra8 44. a6 Nb5 45. Rxb5 1-0